000 01188nam a22003617a 4500
003 CHAP
005 20220329134901.0
008 971013s r 00010 d
010 _a27483
011 _a28455
035 _a32559
040 _cCHAP
082 _a630.72
_bI55ch
110 _aINIA. México. Campo Agrícola Experimental Costa de Hermosillo
_958481
245 _aSeminarios técnicos
_b: ciclo...
260 _aMéxico, D.F. :
_bEl Instituto,
_c19 -
300 _av
490 _aPublicación especial
500 _aLa biblioteca tiene: 1975
590 _aBATCH-UPD
_b10
_c20130110
_lUCH01
_h0120
590 _aBATCH-UPD
_b10
_c20130110
_lUCH01
_h1015
590 _aBATCH-UPD
_b10
_c20130409
_lUCH01
_h2114
590 _aBATCH-UPD
_b10
_c20130410
_lUCH01
_h0622
590 _aBATCH-UPD
_b10
_c20130913
_lUCH01
_h2103
590 _aCONVERSION
_b10
_c20130109
_lUCH01
_h1316
650 1 4 _aAgricultura
_xInvestigación
_xMéxico.
_91643
650 1 4 _aAgricultura
_zMéxico.
_91932
700 0 _aMendoza Mendoza, Serafín.
_974692
830 0 _aPublicación especial
_992760
901 _aBK
942 _cLIBRO
949 _a630.72 I55ch
_bBC
_cESP
_d-75857
_eESP
_h35357
_i32559
_mD
_si
999 _c27483
_d27483